000 00806cab a2200241 4500
001 WB3507-22
008 090401t1999 xxu||||| |||| 00| 0 eng d
035 _a(Sirsi) u91432
041 _aeng
245 _aCambridge conundrum
260 _c1999
350 _a0
490 _aIndependent
_v18 February 1999, 2.9(2)
520 _aCambridge`s success in attracting hi-tech industry to the city has caused a housing crisis. Few people working in the city can afford to live there but with the number of commuters rising rapidaly, the need for cheap affordable housing is becoming urgent.
650 _aCAMBRIDGE
650 _aGREEN BELT
650 _aHOUSING DEVELOPMENT
650 _aNEW HOMES
650 _aSILICON FEN
690 _aECONOMIC AND SOCIAL
942 _n0
948 _c18/02/1999
999 _c58042
_d58042